Name Disney Movies #3 - Statistics

General Stats
  • This quiz has been taken 94 times
  • The average score is 8 of 12
Answer Stats
Picture Answer % Correct
Coco
93%
Mary Poppins
91%
Black Panther
90%
Brave
85%
Pocahontas
85%
Encanto
84%
Soul
69%
The Hunchback of Notre Dame
64%
Fantasia
57%
Wish
51%
Frankenweenie
22%
Born in China
6%
No matching quizzes found
Score Distribution
Percent of People with Each Score
Percentile by Number Answered
Your Score History
You have not taken this quiz